Mountain Ranges of Wyoming - Statistics

General Stats
  • This quiz has been taken 34 times
  • The average score is 9 of 20
Answer Stats
Answer % Correct
Teton
92%
Wind river
85%
Laramie
77%
Bighorn
69%
Snowy
69%
Absaroka
62%
Gros Ventre
54%
Wyoming
54%
Beartooth
46%
Salt River
46%
Sierra Madre
38%
Green
31%
Owl Creek
31%
Bear Lodge
23%
Ferris
23%
Granite
23%
Bridger
15%
Gallatin
15%
Sublette
15%
Snake River
8%
No matching quizzes found
Score Distribution
Percent of People with Each Score
Percentile by Number Answered
Your Score History
You have not taken this quiz